Pasteur

I tiakina i:
Ngā taipitopito rārangi puna kōrero
Kaituhi matua: Le Guevellou, Jean Marie (Author)
Hōputu: Pukapuka
Reo:Pāniora
I whakaputaina: Madrid Everest 1987
Rangatū:Colección Historias Jóvenes
Ngā marau:
Ngā Tūtohu: Tāpirihia he Tūtohu
Kāore He Tūtohu, Me noho koe te mea tuatahi ki te tūtohu i tēnei pūkete!

MARC

LEADER 00000nam a2200000 a 4500
001 UCZ1424
003 CL-VaPUC
008 950824e19870000SP |||||||||||||||||spa|d
082 0 4 |a 925  |b LEG  |2 21 
100 0 |a Le Guevellou, Jean Marie  |e author  |9 344991 
245 1 0 |a Pasteur 
300 |a 30 p 
942 |c BK 
945 |d 19950824 00:00:00  |a rbrito 
260 |a Madrid  |b Everest  |c 1987 
600 0 7 |a PASTEUR, LOUIS  |2 CL-VaPUC  |9 264974 
650 0 |a Biografías  |9 255210 
650 0 |a Científicos   |9 262025 
583 |a last modification  |c 19950824 00:00:00  |k Rodrigo Vera 
490 0 |a Colección Historias Jóvenes 
999 |c 238172  |d 238170 
952 |0 0  |1 0  |4 0  |6 925_000000000000000_LEG_1987  |7 0  |8 A  |9 248197  |a BIBEDU  |b BIBEDU  |d 2019-11-18  |i 3117774  |o 925 LEG 1987  |p 3117774  |r 2019-11-18  |w 2019-11-18  |y BK  |k EPE